Marques en emojis - Statistiques

Statistiques générales
  • Ce quiz a été pris 174 fois
  • Le résultat moyen est 12 sur 21
Statistiques - réponses
Emojis Marques % Correct
🍎📱💻 Apple
98%
👟✔️🏃 Nike
95%
🐊👕 Lacoste
94%
🍔👑🍟 Burger King
90%
🐮💜🍫 Milka
82%
☕🥤🧜‍♀️ Starbucks
77%
🍬🧸😋 Haribo
72%
🐦💬📱 Twitter
71%
🛋️📦🔵🟡 Ikea
69%
🦁🚗 Peugeot
66%
🏰🐭✨ Disney
63%
🛍️💄✨ Sephora
63%
🚛📦 Amazon
62%
🥤🔴⚪ Coca-Cola
55%
🔍🌐📱 Google
55%
🔵🟡🔴🛒 Lidl
46%
🤧🧻💧 Kleenex
41%
👜🧣🐎 Hermès
32%
🛒🏠💬🟠 Leboncoin
5%
🩴🌞🦶 Birkenstock
3%
🥔🍟😋 Lays
1%
Aucun quiz correspondant
Distribution des résultats
% des personnes avec chaque résultat
Percentile par nombre de réponses
Votre historique - résultats
Vous n’avez pas pris ce quiz